Источниковедение истории КПСС: учебник

Detalles Bibliográficos
Autor principal: Варшавчик М. А. Марк Акимович
Sumario:Исключено из фонда НТБ ТПУ
Lenguaje:ruso
Publicado: Москва, Высшая школа, 1989
Formato: Libro
KOHA link:https://koha.lib.tpu.ru/cgi-bin/koha/opac-detail.pl?biblionumber=250859

MARC

LEADER 00000nam0a2200000 4500
001 250859
005 20231031213320.0
010 |a 506001150X 
035 |a (RuTPU)RU\TPU\book\273093 
035 |a RU\TPU\book\273072 
090 |a 250859 
100 |a 20140217d1989 m y0rusy50 ca 
101 0 |a rus 
102 |a RU 
105 |a a j 001zy 
200 1 |a Источниковедение истории КПСС  |e учебник  |f М. А. Варшавчик 
210 |a Москва  |c Высшая школа  |d 1989 
215 |a 224 с.  |c ил. 
333 |a Исключено из фонда НТБ ТПУ 
700 1 |a Варшавчик  |b М. А.  |g Марк Акимович 
801 1 |a RU  |b 63413507  |c 20110901 
801 2 |a RU  |b 63413507  |c 20220311  |g RCR 
942 |c BK